Grandezas y maravillas de la inclyta y sancta ciudad de Roma... / (Record no. 15892)
[ view plain ]
| 000 -LEADER | |
|---|---|
| campo de control de longitud fija | 00947nam a2200253 i 4500 |
| 001 - NÚMERO DE CONTROL | |
| campo de control | C00016225c |
| 005 - FECHA Y HORA DE LA ÚLTIMA TRANSACCIÓN | |
| campo de control | 20241029143514.0 |
| 008 - DATOS DE LONGITUD FIJA--INFORMACIÓN GENERAL | |
| campo de control de longitud fija | 960222s1673 sp f 001 0 spa d |
| 100 1# - ENTRADA PRINCIPAL--NOMBRE DE PERSONA | |
| Nombre de persona | Díaz Vara Calderón, Gabriel ( |
| Fechas asociadas al nombre | 1621-1676) |
| 9 (RLIN) | 11059 |
| 245 10 - MENCIÓN DEL TÍTULO | |
| Título | Grandezas y maravillas de la inclyta y sancta ciudad de Roma... / |
| Mención de responsabilidad, etc. | Por... Gabriel Diaz Vara Calderon. |
| 260 ## - PUBLICACIÓN, DISTRIBUCIÓN, ETC. | |
| Lugar de publicación, distribución, etc. | En Madrid : |
| Nombre del editor, distribuidor, etc. | por Ioseph Fernandez de Buendia, |
| Fecha de publicación, distribución, etc. | 1673. |
| 300 ## - DESCRIPCIÓN FÍSICA | |
| Extensión | [10], 705, [18] p., [4] h. de lám., [1] h. de lám. pleg. (grabados) ; |
| Dimensiones | Fol. (30 cm) |
| 500 ## - NOTA GENERAL | |
| Nota general | Port. a dos tintas. |
| 500 ## - NOTA GENERAL | |
| Nota general | Texto a dos col. |
| 500 ## - NOTA GENERAL | |
| Nota general | Retrato grab. del autor. |
| 500 ## - NOTA GENERAL | |
| Nota general | Apostillas marginales. |
| 500 ## - NOTA GENERAL | |
| Nota general | Ex-libris de "Libª. de Sto. Tho. de Madrid" |
| 500 ## - NOTA GENERAL | |
| Nota general | Enc. perg. |
| 651 #4 - PUNTO DE ACCESO ADICIONAL DE MATERIA--NOMBRE GEOGRÁFICO | |
| Nombre geográfico | Roma (Italia)- |
| Subdivisión general | Descripciones. |
| 9 (RLIN) | 76492 |
| 700 1# - ENTRADA AGREGADA--NOMBRE PERSONAL | |
| Nombre de persona | Fernández de Buendia, José ( |
| Fechas asociadas al nombre | fl. 1644-1679) |
| 9 (RLIN) | 20444 |
| 852 4# - LOCALIZACIÓN | |
| Número de control de estantería | B-2515 |
| Estatus retirado | Estado de pérdida | Estado de daño | No para préstamo | Colección | Biblioteca de origen | Biblioteca actual | Ubicación en estantería | Fecha de adquisición | Total de préstamos | Signatura topográfica completa | Código de barras | Visto por última vez | Precio de reemplazo | Tipo de ítem Koha |
|---|---|---|---|---|---|---|---|---|---|---|---|---|---|---|
| Real Academia de la Bellas Artes de San Fernando | Real Academia de la Bellas Artes de San Fernando | Depósito 1 | 22/02/1996 | B-2515 | 1017403 | 15/10/2024 | 15/10/2024 | Fondo antiguo |